000 01127nam a2200313 a 4500
001 000111534
003 CHAP
005 20220329144217.0
008 150515s2014 mx a fsm |||||||spa d
010 _a107996
011 _a108968
040 _cCHAP
090 _aTesis
100 0 0 _aZaragoza Hernández, Alejandra Yunuen.
_9123677
245 1 0 _aEstimación e impacto de contaminantes atmosféricos en áreas verdes urbanas del Distrito Federal
_h[En línea]
_cpor Alejandra Yunuen Zaragoza Hernández.
260 _aMontecillo, Méx. :
_bEl autor,
_c2014.
500 _aPara ver el contenido del material haga clic en la liga
502 _aTesis (Ph. D. en Ciencias) -- CP
590 _aE6096MTM
_b05
_c20150515
_lUCH01
_h1326
590 _aE6096MTM
_b05
_c20150515
_lUCH01
_h1331
650 1 4 _aBosques
_xProtección.
_914369
650 1 4 _aMedio ambiente
_xContaminación
_zMéxico (D. F.).
_974080
650 1 4 _aOzono
_xEfecto en plantas.
_984493
650 1 4 _aSanidad vegetal.
_9102224
856 _aFinding aid
_uhttp://10.13.5.2/tesis/sist111534.pdf
_zTeclea aquí
901 _aBK
942 _cTESIS
942 _n0
999 _c107996
_d107996